000 00733nam a2200289Ia 4500
005 20260324115943.0
008 008 260324s9999 xx 000 0 eng d
020 _a9781315819242
037 _aEBOOK
040 _aCRL
040 _beng
040 _cCRL
041 _2eng
041 _aeng
084 _qCRL
100 _aAdam Henne
_91156649
245 0 _aEnvironmentalism, Ethical Trade, and Commodification
245 0 _bTechnologies of Value and the Forest Stewardship Council in Chile
260 _bTaylor and Francis
260 _c2015
365 _a
365 _b240
856 _uhttp://www.taylorfrancis.com/books/9781315819242
942 _cEBOOK
999 _c1747911
_d1747911